000 00786nam a2200241Ia 4500
003 GCL
008 140319s9999 xx 000 0 ara d
040 _aGCL /
_cGCL
082 0 4 _a805
_bغ م
100 1 _aغالى شكرى
245 1 0 _aعنبر الفكر الطليعى لثورة المستقبل: الشرارة /
_cغالى شكرى
300 _a160 ص
490 _aالهيئة العامة للاستعلامات
_v0
650 0 4 _aالقصص العربية
650 0 4 _aالماركسية
650 0 4 _aالدول النامية
650 0 4 _aالوطنية
650 0 4 _aالقومية العربية
650 0 4 _aالشعر الفرنسى
650 0 4 _aالشعر العربى المعاصر
650 0 4 _aالسينما - العربية
942 _2ddc
_cBK
999 _c51060
_d51060